| 000 | 00385nam a22001457a 4500 | ||
|---|---|---|---|
| 020 | _a9781566765732 | ||
| 082 |
_a664. _bSHA/SE |
||
| 245 | _aSeafood Safety, Processing, and Biotechnology | ||
| 260 |
_aBoca Raton _bCRC _ Taylor and Francis _c2014 |
||
| 300 | _a266 | ||
| 700 |
_aShahidi,Fereidoon _9269 |
||
| 700 |
_aJones,Yvonne _91158 |
||
| 700 |
_aKitts,David D. _91159 |
||
| 942 | _cBK | ||
| 999 |
_c14661 _d14661 |
||